00472pab a2200145 454500008003600000100001800036245007800054650002100132650002800153650003700181650001300218650002700231650005700258773001100315180718b xxu||||| |||| 00| 0 eng d aRajendran, S. aPepotes participation in social forestry programme: Tamil Nadu experience a Social Forestry a People's Participation a Forests - Citizen Participation a Forests a Citizen Participation aForests - Citizen Participation - India - Tamil Nadu aYojana